000 00312 a2200133 4500
005 20250708054748.0
020 _a978-1-8579-9491-9
082 _a823.914 FER
100 _aFARRELL, G. T
245 _aThe Siege of Krishnapur
260 _aGreat Britain
_bPhoenix
_c1973.
300 _a314p
_c19cm
942 _2ddc
_cBKS
999 _c6597
_d6597